[Event "Barletta Mascolo Memorial 5th"]
[Site "Barletta"]
[Date "2013.09.29"]
[Round "3"]
[White "De Mola, Paolo"]
[Black "Capitano, Daniel"]
[Result "1-0"]
[WhiteElo "1625"]
[BlackElo "1560"]
[PlyCount "64"]
[EventDate "2013.09.28"]
[EventType "swiss"]
[EventRounds "6"]
[EventCountry "ITA"]
[SourceTitle "EXT 2015"]
[Source "ChessBase"]
[SourceDate "2014.11.20"]
[SourceVersion "1"]
[SourceVersionDate "2014.11.20"]
[SourceQuality "1"]

1. e4 c5 2. Nf3 e6 3. Nc3 a6 4. d4 cxd4 5. Nxd4 Qc7 6. Bd3 Bb4 7. Bd2 Nf6 8. f4 Bxc3 9. bxc3 d5 10. e5 Nfd7 11. Qh5 Nf8 12. 0-0 Nc6 13. Qg5 g6 14. Qf6 Rg8 15. Qg5 Qb6 16. Be3 Qc5 17. Nf5 Qxc3 18. Nd6+ Kd7 19. Qf6 Ne7 20. Nxf7 h5 21. Nh6 Nh7 22. Qf7 Rh8 23. Rfe1 b5 24. Bxg6 Bb7 25. Qg7 Nf8 26. Bd3 Rxh6 27. Qxh6 Qc6 28. Bd4 Kc7 29. Qxh5 Nd7 30. Qf7 Nc8 31. f5 exf5 32. Bxf5 Ncb6 1-0